Operating systems : principles and practice / (Record no. 48100)
[ view plain ]
| 000 -LEADER | |
|---|---|
| fixed length control field | nam a22 4500 |
| 005 - DATE AND TIME OF LATEST TRANSACTION | |
| control field | 20170106122836.0 |
| 008 - FIXED-LENGTH DATA ELEMENTS--GENERAL INFORMATION | |
| fixed length control field | 170106b xxu||||| |||| 00| 0 eng d |
| 020 ## - INTERNATIONAL STANDARD BOOK NUMBER | |
| International Standard Book Number | 9780985673529 |
| 040 ## - CATALOGING SOURCE | |
| Transcribing agency | DLC |
| 082 ## - DEWEY DECIMAL CLASSIFICATION NUMBER | |
| Classification number | 005.43 AND |
| 245 ## - TITLE STATEMENT | |
| Title | Operating systems : principles and practice / |
| Statement of responsibility, etc. | Anderson, Thomas, |
| 250 ## - EDITION STATEMENT | |
| Edition statement | 2nd ed. |
| 260 ## - PUBLICATION, DISTRIBUTION, ETC. | |
| Place of publication, distribution, etc. | (USA) |
| Name of publisher, distributor, etc. | Recursive Books |
| Date of publication, distribution, etc. | 2014 |
| 942 ## - ADDED ENTRY ELEMENTS (KOHA) | |
| Source of classification or shelving scheme | |
| Koha item type | Book |
| Withdrawn status | Lost status | Source of classification or shelving scheme | Damaged status | Not for loan | Collection code | Permanent Location | Current Location | Shelving location | Date acquired | Source of acquisition | Total Checkouts | Total Renewals | Full call number | Barcode | Date last seen | Price effective from | Koha item type | Date last checked out |
|---|---|---|---|---|---|---|---|---|---|---|---|---|---|---|---|---|---|---|
| Central Library (CL) | Central Library (CL) | First Floor - Operating System/ Data Structure | 01/06/2017 | Progressive International Agencies | 2 | 005.43 AND | SEECS013657 | 02/18/2022 | 01/06/2017 | Book | ||||||||
| Central Library (CL) | Central Library (CL) | First Floor - Operating System/ Data Structure | 01/06/2017 | Progressive International Agencies | 1 | 005.43 AND | SEECS013658 | 05/18/2024 | 01/06/2017 | Book | 05/03/2024 | |||||||
| Central Library (CL) | Central Library (CL) | First Floor - Operating System/ Data Structure | 01/06/2017 | Progressive International Agencies | 2 | 2 | 005.43 AND | SEECS013659 | 01/13/2022 | 01/06/2017 | Book | 01/26/2019 | ||||||
| Central Library (CL) | Central Library (CL) | First Floor - Operating System/ Data Structure | 01/06/2017 | Progressive International Agencies | 005.43 AND | SEECS013661 | 01/03/2019 | 01/06/2017 | Book | |||||||||
| NUST Baluchistan Campus (NBC) | NUST Baluchistan Campus (NBC) | First Floor - Operating System/ Data Structure | 01/06/2017 | Progressive International Agencies | 005.43 AND | SEECS013660 | 01/06/2017 | 01/06/2017 | Book |
